000 00940cam a2200277 4500
008 090401t1995 xxu||||| |||| 00| 0 eng d
020 _a0273610945
035 _a(Sirsi) u74542
041 _aeng
050 _a651.84
100 _aLyons, Laurence
245 _aCreating tomorrow`s organization: unlocking the benefits of future work.
260 _aLondon
_bFT Pitman
_c1995
300 _axiii,274p. ; 24cm.
350 _a25
520 _aHighlights the benefits to the organisation which can be gained through the introduction of new technologies, examining the shift towards more flexible working practices, the emergence of the virtual office and networking.
650 _aFUTURE WORK
650 _aNETWORKING
650 _aTELECOMMUNICATIONS
650 _aTELEWORKING
650 _aVIRTUAL OFFICE
690 _aOFFICE SERVICES AND ADMINISTRATION
700 _aBirchall, David
942 _n0
948 _c04/03/1997
999 _c95878
_d95878